000 00658nam a2200229Ia 4500
003 OSt
005 20220923225753.0
006 a|||||r|||| 00| 0
007 ta
008 Pun
024 _a274,552
037 _cTextual
040 _aARTS
_cARTS
_bPun
041 _2Pun
_aPun
082 _aO11195:g, 153L3
100 _aਸਿੰਘ, ਗੁਰਦੇਵ
_9156291
245 0 _aਪੱਛਮੀ ਸਾਹਿਤ ਆਲੋਚਨਾ ਦੇ ਮੁਖ ਸਿਧਾਂਤ
260 _c1973
650 _aਪੰਜਾਬੀ ਸਾਹਿਤ
942 _hO11195:g, 153L3
_cTEXL
_2CC
999 _c380286
_d380286